| 000 | 02623nam0a2200433 4500 | ||
|---|---|---|---|
| 001 | RU\NLR\bibl\1455614 | ||
| 005 | 20260407213039.0 | ||
| 010 |
_a978-5-7974-0204-6 _91000 |
||
| 021 |
_aRU _b2009-89911 _95667 |
||
| 035 | _a(nilc)RSL-KNO-004408572 | ||
| 035 | _a(NLR Aleph) 001447419 | ||
| 090 |
_a1501496 _c1501496 |
||
| 100 | _a20091105d2009 |||y0rusy50 ca | ||
| 101 | 0 | _arus | |
| 102 | _aRU | ||
| 105 | _aa zzzz||||| | ||
| 200 | 1 |
_aКорпоративное управление: теория, методология, практика _eмонография _f[Гладышев, А.Г., Григорьев С.И., Виноградов А.И. и др.] _gпод ред. А. Л. Гапоненко [и др.] _gРос. акад. наук, НИИ комплексных муницип. исслед. ООН - РАН [и др.] |
|
| 210 |
_aМосква _cИКАР _cМуниципальный мир _d2009 |
||
| 215 |
_a389 с. _cил. _d21 |
||
| 300 | _aНа обл.: Корпоративное управление: настольная книга для глав муниципальных образований | ||
| 300 | _aАвт. указаны на обороте тит.л. | ||
| 300 | _aВ надзаг. также: Рос. акад. естеств. наук, Рос. акад. социал. наук, Рос. акад. гос. службы при Президенте РФ [и др.] | ||
| 320 | _aБиблиогр.: с. 358-361 | ||
| 512 | 1 |
_aКорпоративное управление _eнастольная книга для глав муниципальных образований |
|
| 606 | 1 |
_aУправление корпоративное _92087856 _3RU\NLR\auth\661263994 |
|
| 610 | 0 | _aкорпоративное управление | |
| 686 |
_aУ9(2)212.4,0 _2rubbk |
||
| 686 | _aУ21(0)25 | ||
| 701 | 1 |
_aГладышев _bА. Г. _gАлександр Георгиевич _4070 |
|
| 701 | 1 |
_4070 _8rus _7ca _aГригорьев _bС. И. _cд-р социол. наук _f1948- _gСвятослав Иванович _3RU\NLR\AUTH\7713787 _9123469 |
|
| 701 | 1 |
_4070 _8rus _7ca _aВиноградов _bА. И. _cсоциолог _3RU\NLR\AUTH\7797001 _979927 |
|
| 702 | 1 |
_4340 _8rus _7ca _aГапоненко _bА.Л. _gАлександр Лукич _3RU\NLR\auth\7725652 _98699 |
|
| 712 | 0 | 2 |
_4570 _aНИИ комплексных муниципальных исследований _cОдинцово _3RU\NLR\AUTH\8810142445 _9779597 |
| 801 | 0 |
_aRU _bРГБ _c20091105 _grcr |
|
| 801 | 1 |
_aRU _bРГБ _c20091105 |
|
| 801 | 2 |
_aRU _bNLR _c20091221 _grcr |
|
| 942 | _cBOOK | ||
| 980 | _aNB | ||